[Event "XX Sant Marti Open 2018"]
[Site "Sant Marti"]
[Date "2018.07.13"]
[Round "1"]
[White "Brunet Gil, Pol"]
[Black "Cori Quispe, Kevin Joel"]
[Result "0-1"]
[WhiteElo "2052"]
[BlackElo "2487"]
[Annotator "TA"]
[PlyCount "78"]
[EventDate "2018.07.13"]
[EventType "swiss"]
[EventCountry "ESP"]
[SourceTitle "playchess.com"]
[Source "ChessBase"]
[SourceQuality "1"]

{[%evp 27,78,-71,-86,-88,74,63,58,31,68,35,55,0,0,-24,19,-23,5,0,23,-27,-5,-17,-30,-95,-27,-22,-18,-11,0,-110,-116,-146,-85,-152,-152,-222,-140,-140,-143,-229,-184,-324,-324,-300,-309,-350,-339,-334,-334,-340,-251,-666,-659]} 1. e4 c5 2. Nf3 e6 3. d4 cxd4 4. Nxd4 Nc6 5. Nc3 Qc7 6. f4 a6 7. Nxc6 bxc6 8. Bd3 d5 9. O-O Nf6 10. Qe2 Be7 {B46: Sizilianisch (Paulsen/Taimanow-Variante)} 11. Bd2 Bb7 (11... O-O 12. Rae1 Re8 13. Kh1 Bf8 14. e5 Nd7 15. Na4 g6 16. c4 Nc5 17. Nxc5 Bxc5 18. Rc1 {1-0 (44) Sutovsky,E (2673)-Pichot,A (2552) Caleta 2018}) 12. Kh1 c5 13. b3 O-O 14. Rae1 {[#]} c4 $1 {[%cal Rc4d3][%mdl 512] LiveBook: 3 Partien} 15. bxc4 {Und weiter mit exd5 wäre nett.} d4 $146 (15... Nxe4 $17 {hält den Druck.} 16. Nxe4 dxe4 17. Bxe4 Bxe4 18. Qxe4 Rac8) ({Vorgänger:} 15... dxe4 16. Nxe4 Bxe4 17. Bxe4 Nxe4 18. Qxe4 {0-1 (59) Libiszewski,F (2540)-Papin,V (2453) Melbourne 2017}) 16. Nd1 $16 e5 17. f5 a5 18. g4 h6 19. Rg1 (19. h4 $14) 19... Nh7 $1 $11 20. Nf2 Rfc8 21. Rc1 Rab8 22. Nh3 Qd8 23. Qg2 f6 24. Nf2 Ba6 25. c5 (25. Rb1 $11) 25... Bb5 ({Lieber} 25... Bxd3 $17 26. Nxd3 Bxc5) 26. h4 Rxc5 27. Bxb5 Rbxb5 28. Nd3 (28. c3 $11 {bleibt in der Remisbreite.}) 28... Rc4 $17 29. Be1 Rb8 (29... Qc8 $142 30. Kh2 Ba3) 30. Bg3 (30. Qe2 $142) 30... Rbc8 31. Ne1 (31. Qf3 $17 {kämpft weiter.}) 31... Ba3 32. Rb1 Bb4 33. Rb2 (33. Qf3 $17) 33... Qc7 34. Kh2 (34. Qe2 {ist wohl besser.}) 34... Bc3 $19 35. Rb1 Bxe1 36. Rgxe1 Rxc2 37. Re2 d3 38. Rd2 Qc4 39. Rbd1 $2 (39. Rb3) 39... Qxa2 {Precision: Weiß = 28%, Schwarz = 41%.} 0-1

[Event "XX Sant Marti Open 2018"]
[Site "Sant Marti"]
[Date "2018.07.14"]
[Round "2"]
[White "Guseinov, Gadir"]
[Black "Gonzalez Rodriguez, Jorge A"]
[Result "1-0"]
[WhiteElo "2654"]
[BlackElo "2271"]
[Annotator "TA"]
[PlyCount "41"]
[EventDate "2018.07.13"]
[EventType "swiss"]
[EventCountry "ESP"]
[SourceTitle "playchess.com"]
[Source "ChessBase"]
[SourceQuality "1"]

{[%evp 15,41,47,47,49,52,37,45,29,62,62,59,60,42,9,77,65,98,98,99,95,99,101,216,214,497,491,477,476]} 1. e4 e6 2. d4 d5 3. Nd2 Nf6 4. e5 Nfd7 5. c3 c5 6. Bd3 Nc6 7. Ngf3 c4 {C06: French Tarrasch: 3...Nf6 4 e5 Nfd7 5 Bd3 main lines} (7... cxd4 8. cxd4 f6 9. O-O fxe5 10. Nxe5 Ndxe5 11. dxe5 Nxe5 12. Qh5+ Nf7 13. Re1 Bd6 14. Bxh7 g6 15. Qxg6 Qh4 16. Bg8 Qxh2+ {½-½ (27) Kasimdzhanov,R (2691)-Ponomariov,R (2709) Tashkent 2016}) 8. Bc2 b5 {LiveBook: 3 Games} 9. Nf1 h6 $146 {White is slightly better.} ({Predecessor:} 9... Nb6 10. Ng3 Be7 11. Nh5 g6 12. Nf4 a5 13. h4 b4 14. Ng5 {1-0 (24) Frhat,A (2402)-Hauge,L (2448) Khanty-Mansiysk 2017}) 10. Ne3 Nb6 11. O-O Be7 12. Ne1 h5 13. f4 g6 14. h3 Kd7 (14... a5 $11 {keeps the balance.}) 15. b3 Kc7 16. a4 cxb3 17. Bxb3 Ba6 18. Rf2 bxa4 (18... Rb8 $16) 19. Bxa4 $18 Na5 $2 {[#]} (19... Qc8 {is a better defense.} 20. Bxc6 Kxc6) 20. Bc2 Nbc4 21. Nxc4 {Precision: White = 67%, Black = 48%.} 1-0

[Event "XX Sant Marti Open 2018"]
[Site "Sant Marti"]
[Date "2018.07.14"]
[Round "2"]
[White "Krysa, Leandro"]
[Black "Serarols Mabras, Bernat"]
[Result "0-1"]
[WhiteElo "2533"]
[BlackElo "2269"]
[Annotator "TA"]
[PlyCount "82"]
[EventDate "2018.07.13"]
[EventType "swiss"]
[EventCountry "ESP"]
[SourceTitle "playchess.com"]
[Source "ChessBase"]
[SourceQuality "1"]

{[%evp 19,82,0,24,0,0,-1,0,0,0,0,0,-22,-13,-14,-12,-14,-12,-19,13,-10,15,20,21,17,14,4,6,4,6,6,14,0,0,0,29,39,43,43,54,18,22,0,2,0,0,0,0,0,0,0,11,11,11,0,12,12,12,0,0,-8,0,-8,-8,-29985,-29986]} 1. d4 Nf6 2. c4 e6 3. Nf3 d5 4. g3 Bb4+ 5. Bd2 Bd6 6. Bg5 O-O 7. Bg2 Nbd7 8. O-O h6 9. Bxf6 Nxf6 10. Nc3 c6 {LiveBook: 5 Partien} 11. Qb3 {E01: Katalanisch} (11. e3 b6 12. Nd2 Bb7 13. Re1 e5 14. cxd5 cxd5 15. dxe5 Bxe5 16. Rc1 Rc8 17. Qb3 Rc5 18. Nf3 Bb8 {1-0 (35) Rodshtein,M (2699)-Piorun,K (2651) Katowice 2017}) 11... b6 12. Rad1 $146 ({Vorgänger:} 12. Nd2 Bb7 13. e4 Be7 14. cxd5 cxd5 15. exd5 Nxd5 16. Nxd5 Bxd5 17. Bxd5 Qxd5 18. Qxd5 exd5 {1-0 (59) Lafuente,P (2431)-Scarella,E (2358) Villa Ballester 2003}) 12... Bb7 13. Rfe1 {Die Stellung ist ausgeglichen.} Qc7 14. e3 Rac8 15. a3 Qb8 16. Nd2 Rfd8 17. e4 dxe4 18. Ndxe4 Nxe4 19. Nxe4 (19. Bxe4 {keeps more tension.} Re8 20. Qa4 Bf8 21. h4 b5 22. Qb3) 19... c5 20. Nxd6 Rxd6 21. Bxb7 Qxb7 22. dxc5 Rdc6 23. Rd4 Rxc5 24. Red1 Qb8 25. Qd3 b5 {[%cal Rb5c4]} 26. cxb5 Qxb5 (26... Rxb5 {looks sharper.} 27. Rd8+ Rxd8 28. Qxd8+ Qxd8 29. Rxd8+ Kh7) 27. b4 Qxd3 28. R1xd3 $14 {[%mdl 4096] Endspiel KTT-KTT} R5c7 29. Kg2 Kf8 30. Kf3 Ke7 31. Ke3 g5 32. h4 f5 33. hxg5 hxg5 34. g4 Kf6 35. gxf5 Kxf5 36. Rd6 Rc6 37. Rxc6 Rxc6 38. Kd4 e5+ 39. Kd5 e4 40. Rd2 Rc3 {zielt auf ...Td3+ ab.} 41. a4 $2 {[%mdl 8192] [#]} (41. Ra2 $11) 41... Rd3+ {Precision: Weiß = 38%, Schwarz = 56%.} 0-1

[Event "XX Sant Marti Open 2018"]
[Site "Sant Marti"]
[Date "2018.07.14"]
[Round "2"]
[White "Alonso Rosell, Alvar"]
[Black "Gorti, Akshita"]
[Result "1-0"]
[WhiteElo "2523"]
[BlackElo "2255"]
[Annotator "TA"]
[PlyCount "59"]
[EventDate "2018.07.13"]
[EventType "swiss"]
[EventCountry "ESP"]
[SourceTitle "playchess.com"]
[Source "ChessBase"]
[SourceQuality "1"]

{[%evp 19,59,39,38,33,42,27,41,33,36,21,26,6,25,22,15,16,25,27,18,0,0,0,0,7,11,19,35,31,25,34,87,73,96,80,393,156,395,361,530,521,741,724]} 1. d4 e6 2. c4 d5 3. Nc3 a6 4. cxd5 exd5 5. Nf3 Nf6 6. Bg5 {D37: Queen's Gambit Declined: 5 Bf4} Be6 7. e3 Nbd7 8. Bd3 Bd6 9. O-O h6 (9... O-O 10. Rc1 c6 11. Bf4 Bxf4 12. exf4 Bg4 13. Be2 Bxf3 14. Bxf3 {1-0 (122) Nakamura,H (2769)-Caruana,F (2816) Paris 2018}) 10. Bf4 Qe7 {LiveBook: 4 Games} 11. Rc1 O-O 12. h3 c6 $146 ({Predecessor:} 12... Rfc8 13. Bb1 Rab8 {1-0 (37) Munkhgal,G (2445)-Tica,S (2332) Zalakaros 2017}) 13. Re1 Rfe8 14. Nd2 {[%cal Bf3d2,Bd2b3,Bb3c5][%mdl 32]} Nb6 15. Qb3 Nc8 16. Qc2 Qc7 17. Ne2 {[%cal Bc3e2,Be2g1,Bg1f3,Bf3e5][%mdl 32]} Nh5 {[%cal Rd6f4]} 18. Bxd6 Nxd6 19. Nb3 Qe7 20. Nc5 Qg5 {aiming for ...Bxh3.} 21. Kh2 Re7 22. Ng1 Rae8 23. Nf3 Qf6 24. Ne5 $36 {[%mdl 2048] Black must now prevent g4. Black is under pressure.} g5 (24... Bc8 $14) 25. g4 $16 Ng7 26. f4 h5 $2 {[%mdl 8192] [#]} (26... Bc8 $16) 27. Rg1 $2 (27. h4 $1 $18 {[%mdl 512]} Qh6 (27... gxh4 28. Bh7+) 28. fxg5) 27... hxg4 $2 (27... Bc8 $16) 28. Rxg4 $18 gxf4 (28... Ne4 $142 29. Nxe6 (29. Nxe4 dxe4 30. fxg5 Qxe5+ 31. dxe5 exd3 $18) (29. Bxe4 Bxg4 30. Nxg4 Qd6 $16) 29... Qxe6 30. Bxe4 (30. fxg5 Nf5 $16) 30... dxe4 31. fxg5 (31. Rxg5 f6 $16) 31... Qxa2) 29. Nxe6 Qxe6 30. Rcg1 {Precision: White = 51%, Black = 40%.} 1-0

[Event "XX Sant Marti Open 2018"]
[Site "Sant Marti"]
[Date "2018.07.14"]
[Round "2"]
[White "Munoz, Miguel"]
[Black "Glimbrant, Torbjorn"]
[Result "1-0"]
[WhiteElo "2500"]
[BlackElo "2213"]
[Annotator "TA"]
[PlyCount "99"]
[EventDate "2018.07.13"]
[EventType "swiss"]
[EventCountry "ESP"]
[SourceTitle "playchess.com"]
[Source "ChessBase"]
[SourceQuality "1"]

{[%evp 11,99,2,4,-36,-36,-42,-33,-43,-44,-47,31,0,19,9,21,0,0,0,0,-16,-10,-24,-22,-41,-31,-56,0,0,0,15,35,41,30,35,38,12,2,28,22,-19,3,-25,0,0,0,0,16,-11,-29,-72,-23,-29,-12,-329,105,105,106,116,133,136,169,123,123,124,124,124,124,124,124,124,124,91,224,217,254,267,311,299,422,386,772,756,789,789,1407,1343,1147,1152,874,834]} 1. e4 c5 2. g3 d5 3. exd5 Qxd5 4. Nf3 Bg4 5. Be2 (5. Bg2 Qe6+ 6. Kf1 Nc6 7. h3 Bh5 8. d3 Nf6 9. Nc3 Rd8 10. Kg1 Qc8 11. Kh2 e6 12. Bf4 Be7 13. Re1 O-O 14. Qc1 Nd4 15. Ne5 Nd7 16. g4 Nxe5 17. Bxe5 {1-0 (61) Mamedov,R (2688)-Najer,E (2679) Doha 2016}) 5... Nc6 6. h3 {B20: Sicilian: Unusual White 2nd moves} Bf5 {LiveBook: 5 Games} 7. d3 (7. Nc3 {keeps more tension.} Qd7 8. Bb5 a6 9. Ne5 Qe6 10. Bxc6+ bxc6 11. Qe2) 7... e5 8. Nc3 {Black is slightly better.} Qd7 9. g4 Bg6 10. Nh4 Nf6 $146 (10... O-O-O $15) ({Predecessor:} 10... Be7 11. Nxg6 hxg6 12. Bf3 {1-0 (43) Certic,B (2381)-Todorovic,G (2477) Zlatibor 2006}) 11. Be3 Be7 12. Bf3 Nd4 13. Bg2 O-O 14. Nxg6 fxg6 15. Qd2 Rad8 16. O-O-O b5 17. Ne4 b4 18. Kb1 Qa4 ({Better is} 18... Nd5 $15) 19. c4 bxc3 20. Qxc3 Nd5 21. Qc4 Qxc4 22. dxc4 Nf4 23. Bxf4 exf4 24. Rhe1 f3 25. Bf1 Rb8 26. Rd3 Rb7 27. Ra3 Rfb8 28. b3 Rc7 29. Ra5 Rd8 30. Kb2 Bh4 {aiming for ...Re7.} 31. Re3 Re7 32. Nxc5 $2 {[%mdl 8192] [#]} (32. Rxc5 $11 Bxf2 {[#]} 33. Nf6+ $1 {[%mdl 512]} Kf7 34. Rxe7+ Kxe7 35. Nxh7) 32... Rde8 $2 (32... Rxe3 $19 33. fxe3 Ne2 34. Rxa7 Rd1 35. Ra8+ Kf7) 33. Rxe7 $16 Rxe7 34. Nd3 Ne2 35. Kc2 g5 36. Re5 Nd4+ 37. Kc3 Rxe5 38. Nxe5 Bxf2 {[%mdl 4096] Endgame KBN-KBN} 39. Kd3 Kf8 40. b4 Ke8 41. c5 Ne6 (41... h6 $16 42. Ke4 Kd8 43. Nxf3 Nxf3) 42. Nxf3 $18 g6 43. Ke4 a5 44. Bc4 Nd8 (44... Nf4 {was called for.} 45. Nxg5 h6 46. Kxf4 hxg5+ 47. Kxg5 axb4 48. Kxg6 Bxc5) 45. a3 {[%cal Ba2a3,Ba3b4,Bb4b5][%mdl 32]} h5 $2 (45... Kd7 46. Nxg5 axb4 47. axb4 Kc6) 46. Bd5 {White is clearly winning.} Kd7 47. Nd4 axb4 48. axb4 Be1 49. b5 Bb4 50. Nb3 {Precision: White = 53%, Black = 31%.} 1-0

[Event "XX Sant Marti Open 2018"]
[Site "Sant Marti"]
[Date "2018.07.14"]
[Round "2"]
[White "Cori Quispe, Kevin Joel"]
[Black "Romero Pallares, Daniel"]
[Result "1-0"]
[WhiteElo "2487"]
[BlackElo "2202"]
[Annotator "TA"]
[PlyCount "67"]
[EventDate "2018.07.13"]
[EventType "swiss"]
[EventCountry "ESP"]
[SourceTitle "playchess.com"]
[Source "ChessBase"]
[SourceQuality "1"]

{[%evp 20,67,60,50,98,86,80,84,73,34,44,32,23,34,54,50,54,31,47,83,115,41,56,55,48,44,43,45,52,57,58,56,70,38,53,39,171,161,177,179,195,181,175,193,196,192,562,515,977,965]} 1. e4 c5 2. Nf3 d6 3. d4 cxd4 4. Nxd4 Nf6 5. Nc3 g6 6. Be3 Bg7 7. f3 O-O 8. Qd2 Nc6 9. g4 Be6 10. Nxe6 fxe6 11. O-O-O {LiveBook: 198 Games. B76: Sicilian Dragon: Yugoslav Attack, 9 g4 and 9 0-0-0} d5 (11... Ne5 12. Be2 Qc8 13. h4 Nfd7 14. h5 Nc4 15. Bxc4 Qxc4 16. hxg6 hxg6 17. f4 Bxc3 18. bxc3 Nf6 19. Bd4 e5 20. fxe5 dxe5 {1-0 (41) Cornette,M (2611)-Jones,G (2640) chess.com INT 2018}) 12. exd5 Nxd5 13. Nxd5 {White is better.} exd5 14. f4 d4 $146 ({Predecessor:} 14... e6 15. Kb1 Qc7 16. Qe2 Rae8 17. Bg2 d4 18. Bc1 Nb4 {1-0 (32) Klein,D (2366)-Vroombout,E (2175) Amsterdam 2011}) 15. Bc4+ Kh8 16. Bf2 Qd6 17. Bg3 Qc5 18. Be6 b5 19. Kb1 Rad8 {[#]} 20. Qd3 (20. f5 $1 $16) 20... Nb4 $14 21. Qe4 d3 22. c3 $36 {[%cal Bc2c3,Bc3b4][%mdl 2080] White is pushing.} Nc6 $1 23. a3 a5 24. Rxd3 Rxd3 25. Qxd3 {[#] Hoping for Qd5.} Rd8 26. Qe4 {Black must now prevent Rc1.} b4 $1 {[%cal Rb4c3]} 27. cxb4 Qb6 (27... axb4 $14 28. Rc1 Qd4 29. Qxd4 Nxd4) 28. Rc1 $18 Nd4 29. f5 Nxe6 30. fxe6 axb4 31. Bc7 ({Much less strong is} 31. axb4 $6 Kg8 $14) 31... Qf2 {[%csl Gg7][%cal Rf2b2]} 32. Qxb4 Rd2 $2 (32... Rc8 {is tougher.} 33. Bf4 Rf8) 33. Qb8+ Bf8 (33... Qf8 $142 34. Qxf8+ Bxf8) 34. Bf4 {Precision: White = 74%, Black = 42%.} 1-0

[Event "XX Sant Marti Open 2018"]
[Site "Sant Marti"]
[Date "2018.07.14"]
[Round "2"]
[White "Aguero Jimenez, Luis Lazaro"]
[Black "Deshpande, Aniruddha"]
[Result "1-0"]
[WhiteElo "2473"]
[BlackElo "2132"]
[Annotator "TA"]
[PlyCount "59"]
[EventDate "2018.07.13"]
[EventType "swiss"]
[EventCountry "ESP"]
[SourceTitle "playchess.com"]
[Source "ChessBase"]
[SourceQuality "1"]

{[%evp 29,59,-20,-23,-27,-23,-15,4,0,20,33,52,48,332,318,322,322,315,284,267,171,168,149,457,446,959,1056,1039,1032,1022,1022,29987,29988]} 1. d4 d5 2. Nc3 c6 3. e4 dxe4 4. Nxe4 Bf5 5. Ng3 Bg6 6. h4 h6 7. Nf3 Nd7 8. h5 Bh7 9. Bd3 Bxd3 10. Qxd3 e6 11. Bf4 Qa5+ {B19: Classical Caro-Kann: 4...Bf5 main line} 12. Bd2 Bb4 13. c3 Be7 14. c4 Qc7 15. O-O-O (15. d5 cxd5 16. cxd5 Qd6 17. Qb5 Ngf6 18. dxe6 Qxe6+ 19. Kf1 {1-0 (64) Kokarev,D (2622)-Rozum,I (2586) Khanty-Mansiysk 2017}) 15... Ngf6 {LiveBook: 379 Games} 16. Kb1 O-O 17. Ne4 b5 18. Rc1 Qb7 $146 ({Predecessor:} 18... bxc4 19. Rxc4 {1-0 (41) Cuijpers,F (2510)-Van Delft,M (2382) Amsterdam 2006}) 19. c5 Qc7 20. g4 {[%cal Bg2g4,Bg4g5][%mdl 32]} e5 $2 {[%mdl 8192]} (20... Nxe4 $1 $14 21. Qxe4 Nf6) 21. g5 $1 $18 {[%cal Rg5f6]} Nxe4 22. Qxe4 f5 23. gxf6 Bxf6 24. Rcg1 {Threatens to win with Bxh6.} exd4 25. Bxh6 $1 Nxc5 $2 {[%mdl 8192] [#]} (25... Rae8 $16 26. Qg6 Re7) 26. Qc2 $1 {Bxg7 is the strong threat.} Ne6 {[#]} (26... Kh8 $142 27. Nh4 (27. Qxc5 gxh6 28. Rg6 Qf4 $11) 27... gxh6) 27. Bxg7 $1 {[%mdl 512]} Nxg7 28. h6 {[%cal Bh5h6,Bh6g7][%mdl 32]} d3 29. Qxd3 Rad8 30. hxg7 {Precision: White = 98%, Black = 15%.} 1-0

[Event "XX Sant Marti Open 2018"]
[Site "Sant Marti"]
[Date "2018.07.14"]
[Round "2"]
[White "Saurabh Anand"]
[Black "Martinez Alcantara, Jose Eduardo"]
[Result "0-1"]
[WhiteElo "2258"]
[BlackElo "2545"]
[Annotator "TA"]
[PlyCount "56"]
[EventDate "2018.07.13"]
[EventType "swiss"]
[EventCountry "ESP"]
[SourceTitle "playchess.com"]
[Source "ChessBase"]
[SourceQuality "1"]

{[%evp 22,56,16,-66,-60,-80,-79,-75,-44,-72,-52,-37,-10,-20,0,0,0,-55,-63,-70,-13,-84,-93,-386,0,-502,-514,-491,-474,-29977,-29978,-29978,-29978,-29993,-29994,-29996,-29997]} 1. e4 e5 2. Nf3 Nc6 3. d4 exd4 4. Nxd4 Nf6 5. Nxc6 bxc6 6. e5 Qe7 7. Qe2 Nd5 8. c4 Nb6 9. Nc3 Qe6 10. Qe4 g6 {C45: Scotch Game} 11. f4 (11. Bd2 Bg7 12. c5 Nd5 13. Bc4 Qxe5 14. Qxe5+ Bxe5 15. Bxd5 cxd5 16. O-O-O O-O 17. Nxd5 Rb8 18. Bc3 Bxc3 19. Nxc3 {1-0 (49) Yu,Y (2729)-Dominguez Perez,L (2739) Doha 2016}) 11... Bg7 12. Bd2 {LiveBook: 4 Games} (12. c5 $11 Nd5 13. Bc4) 12... O-O $1 $15 {Black is slightly better.} 13. O-O-O d5 14. Qc2 Qe7 $146 ({Predecessor:} 14... f6 15. cxd5 Nxd5 16. Bc4 Kh8 17. exf6 Qxf6 18. Bxd5 cxd5 19. Nxd5 {1-0 (27) Henrichs,T (2467)-Wunnink,M (2210) Bregenz 2018}) 15. Bd3 f6 16. exf6 Qxf6 17. c5 $1 {[%cal Rc5b6]} Nc4 18. Bxc4 $1 dxc4 19. Qa4 (19. Ne4 $11 Qd4 20. Bb4 Qe3+ 21. Kb1) 19... Rb8 $36 {[%mdl 2048] Black has good play.} 20. Rde1 Qf7 (20... Rd8 $1 $15 21. Qxc4+ Kf8) 21. Qxc6 (21. Re3 $1 $11) 21... Rd8 $17 {Hoping for ...Bb7.} 22. h3 $2 {[%mdl 8192] [#]} (22. Rhf1 $17 {was called for.}) 22... Bf5 $2 (22... Rxb2 23. Kxb2 Rxd2+ 24. Ka3 $19) ({Black should play} 22... Rxd2 $1 $19 {[%mdl 512]} 23. Qe8+ (23. Re8+ $2 Bf8 $19) (23. Kxd2 Rxb2+) 23... Qf8 24. Qxf8+ Kxf8 25. Kxd2 Rxb2+ 26. Ke3 Bxc3) 23. Re2 $2 {[%mdl 8192] [#]} (23. g4 $1 $11) 23... Rxd2 $1 $19 {[%mdl 512]} 24. Kxd2 Bd3 25. Nd1 (25. Ke1 $19 Bxc3+ 26. bxc3 Rb1+ 27. Kf2 Qxf4+ 28. Qf3 Qxf3+ 29. gxf3 Rxh1 30. Re7) 25... Qxf4+ {Black mates.} 26. Ke1 Qg3+ 27. Rf2 Qe5+ 28. Kd2 Bh6+ {Precision: White = 17%, Black = 68%.} 0-1

[Event "XX Sant Marti Open 2018"]
[Site "Sant Marti"]
[Date "2018.07.14"]
[Round "2"]
[White "Blasco Coll, Andreu"]
[Black "Quesada Perez, Yasser"]
[Result "0-1"]
[WhiteElo "2242"]
[BlackElo "2531"]
[Annotator "TA"]
[PlyCount "98"]
[EventDate "2018.07.13"]
[EventType "swiss"]
[EventCountry "ESP"]
[SourceTitle "playchess.com"]
[Source "ChessBase"]
[SourceQuality "1"]

{[%evp 21,98,-27,-35,-16,14,20,40,0,0,-36,15,0,0,0,0,0,0,10,102,106,170,196,191,200,187,220,274,260,275,152,605,642,975,152,140,151,140,146,132,-114,-104,-106,0,-33,0,-105,-120,-175,-181,-191,-175,-166,-141,-231,0,0,0,-241,-112,-253,-242,-353,-354,-595,-581,-708,-525,-686,-768,-964,-934,-3616,-3348,-3068,-3042,-29988,-29989,-29989,-29990]} 1. d4 d5 2. Bf4 Nf6 3. e3 e6 4. Nf3 Bd6 5. Bg3 O-O 6. Nbd2 b6 7. Bd3 Bb7 8. c3 c5 9. Ne5 Nc6 10. O-O {D02: Damenbauernspiele} Ne7 (10... Qc7 11. f4 Ne7 12. Qb1 Qc8 13. Bh4 Nf5 14. Bxf5 exf5 15. Bxf6 gxf6 16. Nef3 Qe6 17. Re1 Ba6 18. Nh4 cxd4 19. exd4 {1-0 (28) Korobov,A (2692)-Dominguez Perez,L (2739) Doha 2016}) 11. Qe2 Nf5 {LiveBook: 3 Partien} 12. Bf4 {Schwarz steht etwas besser.} Be7 13. Rad1 $146 ({Vorgänger:} 13. Bb5 Qc8 14. Bd3 Nd6 15. a4 a6 16. Bg5 Qd8 17. Bc2 Rc8 {1-0 (78) Tsydypov,Z (2529)-Antonenko,V (2330) Sochi 2017}) 13... Nd6 14. Bg5 Qc7 15. f4 Rad8 (15... Nfe4 $15) 16. Rf3 Nfe4 17. Rh3 g6 $1 18. Bxe4 dxe4 19. Qf2 $36 {[%mdl 2048] Weiss hat Initiative.} Nf5 (19... h5 $11 {hält das Gleichgewicht.}) 20. g4 $1 $16 {[%cal Bg2g4,Bg4f5][%mdl 32]} f6 (20... cxd4 $16 21. cxd4 (21. gxf5 Bxg5 22. exd4 f6 $11) 21... f6) 21. gxf5 $18 fxe5 {[#]} 22. Rxh7 $1 {[%mdl 512]} Kxh7 23. Qh4+ $1 Kg8 24. Bxe7 exf5 {[%cal Rc5d4]} 25. Kh1 (25. fxe5 cxd4 26. cxd4 (26. Bxd8 Qxd8 27. Qh6 Rf7 $14) 26... Rde8 $16) (25. dxe5 $6 Ba6 $16) ({Lieber} 25. Qg5 $18 Kg7 26. Nc4 (26. fxe5 cxd4 27. Nc4 d3 $14) (26. dxe5 Rd3 $16)) 25... exd4 $2 (25... Rfe8 $16 26. Bxd8 Qxd8) 26. Rg1 $1 {[%cal Rg1g6]} Kg7 27. Qg5 $2 (27. Nc4 $18) 27... Rd6 $16 {Weiss muss nun ...Ld5 beachten.} 28. Nc4 Re6 29. Bxf8+ Kxf8 30. Qh6+ $2 (30. Ne5 $16 {ist nötig, um Vorteil zu sichern.} dxe3 31. Nxg6+ Ke8 32. Qh5 (32. Qxf5 Qf7 $17)) 30... Qg7 $17 31. Qh4 {[#]} Qf6 ({Nicht} 31... dxc3 32. Qd8+ Kf7 33. Qb8 $16) (31... Ke8 $1 $17 {...La6 ist eine echte Drohung.} 32. cxd4 cxd4) 32. Qh7 Qg7 (32... Re7 $15 33. Rxg6 Rxh7 34. Rxf6+ Ke7 35. Rxf5 Ba6 36. Re5+ Kd8 37. Nxb6 dxe3) 33. Qh4 {[#]} Ke8 $1 ({Minderwertig wäre} 33... dxc3 34. Qd8+ Kf7 35. Qb8 $16) 34. cxd4 (34. Ne5 $17 {ist wohl besser.}) 34... cxd4 $19 35. Rd1 d3 36. Ne5 Rd6 37. Qe1 (37. Kg2 $17 {war angesagt.}) 37... Qc7 38. Qh4 $1 {[%cal Rh4h8] Weiss droht Dh8+ und Matt.} Qg7 39. Qe1 $1 Kd8 (39... g5 $19 {bietet bessere Gewinnchancen.} 40. Qb4 Qe7 41. Qa4+ Kf8) 40. Qb4 (40. Qc3 $17 Ke8 41. Rg1) 40... Rd5 41. Qa4 (41. h4 $142) 41... a5 42. Rg1 $2 (42. Qb3 {war nötig.} Qc7 43. Rg1) 42... d2 43. Rd1 Qc7 44. Kg2 {[#]} g5 $1 {[%mdl 512] zielt auf ...gxf4 ab.} 45. Qa3 (45. fxg5 Qxe5) 45... Ke8 {Und ...gxf4 würde nun gewinnen.} 46. Kg3 gxf4+ 47. exf4 Qc2 48. Qb3 Qxb3+ 49. axb3 e3 {Precision: Weiß = 37%, Schwarz = 37%.} 0-1

[Event "XX Sant Marti Open 2018"]
[Site "Sant Marti"]
[Date "2018.07.14"]
[Round "2"]
[White "Marzo Pie, Xavier"]
[Black "Cuartas, Jaime Alexander"]
[Result "0-1"]
[WhiteElo "2206"]
[BlackElo "2508"]
[Annotator "TA"]
[PlyCount "86"]
[EventDate "2018.07.13"]
[EventType "swiss"]
[EventCountry "ESP"]
[SourceTitle "playchess.com"]
[Source "ChessBase"]
[SourceQuality "1"]

{[%evp 19,86,41,47,24,22,17,18,-13,-25,-48,-51,-42,-35,-79,-90,-161,-146,-146,-147,-153,-155,-148,-162,-159,-145,-150,-134,-139,-135,-118,-112,-161,-162,-181,-188,-197,-163,-197,-194,-240,-243,-300,-239,-336,-320,-432,-432,-411,-424,-611,-601,-587,-595,-571,-394,-487,-483,-464,-425,-433,-425,-2302,-2271,-2071,-1995,-1894,-1747,-29952,-11460]} 1. d4 d5 2. c4 c6 3. Nf3 Nf6 4. e3 Bf5 5. Nc3 e6 6. Nh4 Be4 {D12: Slav Defence: 3 Nf3 Nf6 4 e3 Bf5} (6... Bg6 7. Bd2 Nbd7 8. Nxg6 hxg6 9. c5 e5 10. b4 Be7 11. b5 O-O 12. Qa4 Re8 13. bxc6 bxc6 14. Be2 exd4 15. exd4 Nxc5 16. dxc5 {0-1 (25) Bluebaum,M (2631)-Vitiugov,N (2735) Karlsruhe/Baden-Baden 2018}) 7. Qb3 Qc7 8. Bd2 Be7 9. Rc1 Qb6 $146 ({Predecessor:} 9... a6 10. cxd5 Bxd5 11. Nxd5 Nxd5 12. Nf3 O-O 13. g3 Nd7 14. Bg2 {1-0 (65) Garcia Roman,D (2464)-Martin Grillo,R (2218) Barbera del Valles 2009}) 10. f3 Bg6 {LiveBook: 3 Games} 11. Be2 dxc4 12. Qxb6 axb6 {[%cal Ba7b6,Bb6b5,Bb5b4][%mdl 32]} 13. Bxc4 Bh5 14. f4 b5 15. Bb3 Nbd7 16. f5 b4 $36 {[%mdl 2048] Keeping White busy.} 17. Na4 (17. Ne2 $17 Ne4 18. fxe6 fxe6 19. Nf3) 17... b5 18. Nc5 Nxc5 19. dxc5 Ne4 20. Nf3 Nxc5 21. O-O Nxb3 ({But not} 21... exf5 22. Nd4 $17) 22. axb3 Bxf3 23. Rxf3 c5 24. e4 O-O 25. Be3 Rfc8 26. e5 exf5 27. Rxf5 Ra6 28. Rcf1 Re6 29. Rxf7 Rxe5 30. Bc1 Re2 {Strongly threatening ...Bf6.} 31. R7f5 (31. R7f2 {is a better defense.} Re6 32. Kh1) 31... Bf6 $19 32. Rd1 Bd4+ 33. Kf1 Rc2 ({Not} 33... Rce8 34. Bd2 $19) 34. Bd2 (34. h4 $142) 34... Rxb2 35. Rf3 Bf6 36. Be1 Ra2 37. Rf2 Ra3 38. Rb1 Bc3 39. Rc2 Rf8+ 40. Kg1 (40. Rf2 $142 Rfa8 41. Re2) 40... Bd4+ 41. Bf2 Rxf2 42. Rxf2 Ra2 43. Rbf1 c4 {Precision: White = 23%, Black = 81%.} 0-1